000 00329nam a22001457a 4500
003 OSt
005 20160727222524.0
008 160709b xxu||||| |||| 00| 0 eng d
040 _cTEST
100 _92516
_a Landau, L.D., et al
245 _aMolecules
260 _aMosco
_b Mir
_c1986
300 _aMolecules
942 _2ddc
_cBK
999 _c2183
_d2183